Statistics for Can you guess what these countries are? #6

Click here to take the quiz!

General Stats

  • This quiz has been taken 11 times
  • The average score is 11 of 16

Answer Stats

Answer% Correct
Laos
100%
Iceland
91%
Ireland
91%
Hungary
82%
Serbia
82%
Venezuela
82%
Oman
73%
Estonia
64%
Barbados
55%
Kenya
55%
Kuwait
55%
Uganda
55%
Dominica
45%
Kosovo
45%
Rwanda
45%
Tonga
36%

Score Distribution

Percentile by Number Answered

Percent of People with Each Score

Your Score History

You have not taken this quiz